| 000 | 00736nam a22002297a 4500 | ||
|---|---|---|---|
| 005 | 20240210104456.0 | ||
| 008 | 240210b |||||||| |||| 00| 0 eng d | ||
| 020 |
_a9789391047511 _cRs.999.00 |
||
| 040 | _aLoreto College | ||
| 041 | _aEnglish | ||
| 082 |
_a954 _bMUK |
||
| 100 | _aMukherjee,Rudrangshu | ||
| 245 |
_aA new history of India _bFrom its origins to the twenty-first century _cRudrangshu Mukherjee,Shobita Punja and Toby Sinclair |
||
| 260 |
_aNew Delhi _bAleph Book _c2023 |
||
| 300 |
_axxiii,455p _b22cm |
||
| 504 | _aIncludes notes, references, bibliographical references and index | ||
| 650 |
_aHistory _zIndia |
||
| 700 |
_4Auth _aPunja,Shobita |
||
| 700 |
_4Auth _aSinclair,Toby |
||
| 850 | _aLCLIB | ||
| 942 | _cBK | ||
| 999 |
_c43650 _d94129 |
||